K-Pop Idols by group - Statistics

General Stats
  • This quiz has been taken 34 times
  • The average score is 160 of 287
Answer Stats
BTS % Correct
I.N
100%
K
100%
Bangchan
97%
Felix
97%
Han
97%
Heeseung
97%
Jun
97%
Leeknow
97%
V
97%
Changbin
93%
Chen
93%
Danielle
93%
Hyun
93%
Hyunjin
93%
Jake
93%
Jay
93%
Jennie
93%
Jin
93%
Jisoo
93%
Jo
93%
Jungkook
93%
Jungwon
93%
Lara
93%
Lisa
93%
Manon
93%
RM
93%
Rose
93%
San
93%
Seungmin
93%
Soobin
93%
Sophia
93%
Sungho
93%
Sunghoon
93%
Sunoo
93%
J-Hope
90%
Jimin
90%
Megan
90%
Momo
90%
Ni-ki
90%
Suga
90%
Win
90%
Beomgyu
86%
Daniela
86%
Dino
86%
Giselle
86%
Joshua
86%
Karina
86%
Keeho
86%
Ningning
86%
Sana
86%
Taehyun
86%
Winter
86%
Yeji
86%
Yeonjun
86%
Yoonchae
86%
Yuna
86%
DK
83%
Eunchae
83%
Hanni
83%
Hueningkai
83%
Jihyo
83%
Kai
83%
Mingyu
83%
Minji
83%
Nayeon
83%
Rie
83%
Sakura
83%
Scoups
83%
Vernon
83%
Chaewon
79%
Chaeyoung
79%
Iroha
79%
Kazuha
79%
Lia
79%
Mark
79%
Minju
79%
Minnie
79%
Moka
79%
The8
79%
Tzuyu
79%
Woozi
79%
Dahyun
76%
D.O
76%
G-Dragon
76%
Hoshi
76%
Hyein
76%
Lily
76%
Mina
76%
Mingi
76%
Miyeon
76%
Ryujin
76%
Shuhua
76%
Soyeon
76%
Wonhee
76%
Yunah
76%
Yunjin
76%
Yuqi
76%
Bae
72%
Chaeryeong
72%
Garam
72%
Intak
72%
Jackson
72%
Jaehyun
72%
Soul
72%
Haerin
69%
Haru
69%
Jeongyeon
69%
Ricky
69%
T.O.P
69%
Wooyoung
69%
Yujin
69%
Jiung
66%
Jiwoo
66%
Johnny
66%
Seungkwan
66%
Taemin
66%
Taeyang
66%
Theo
66%
Youngseo
66%
Haewon
62%
Hongjoong
62%
Jongho
62%
Jongseob
62%
Jungwoo
62%
Maki
62%
Minho
62%
Soojin
62%
Sullyoon
62%
Taki
62%
Ten
62%
Wonwoo
62%
Bambam
59%
Hanbin
59%
Jeonghan
59%
Key
59%
Kyujin
59%
Seonghwa
59%
Shotaro
59%
Yunho
59%
Yuta
59%
Eric
55%
Gunwook
55%
Gyuvin
55%
Haechan
55%
Jeno
55%
Jisung
55%
Jiwoong
55%
Matthew
55%
Nicholas
55%
Onew
55%
Riwoo
55%
Suho
55%
Taerae
55%
Zhang Hao
55%
Anton
52%
Daesung
52%
Hendery
52%
JayB
52%
Kun
52%
Leehan
52%
Lucas
52%
Q
52%
Sakuya
52%
Sohee
52%
Taeyong
52%
Wonbin
52%
Woonhak
52%
Wumuti
52%
Xiaojun
52%
Yangyang
52%
Yeosang
52%
Baekhyun
48%
Chenle
48%
Doyoung
48%
Jaemin
48%
Jihoon
48%
Jonghyun
48%
Renjun
48%
Sehun
48%
Taesan
48%
Winwin
48%
Youngjae
48%
EJ
45%
Fuma
45%
Lay
45%
Ryo
45%
Sion
45%
Sungchan
45%
Yushi
45%
Jinyoung
41%
Kevin
41%
Riku
41%
Rui
41%
Seunghan
41%
Dohoon
38%
Eunseok
38%
Harua
38%
IU
38%
Jaehee
38%
Kyungmin
38%
Shinyu
38%
Yuma
38%
Chanyeol
34%
Hanjin
34%
Jeon Somi
34%
Sunwoo
34%
Xiumin
34%
Yugyeom
34%
Gaon
31%
Jacob
31%
Juyeon
31%
Jooyeon
28%
O.de
28%
Gunil
24%
Jungsu
24%
Junhan
24%
Luhan
24%
New
24%
Younghoon
24%
Bic
21%
CastleJ
21%
Hyunjae
21%
Jay Park
21%
Ju Haknyeon
21%
Minjae
21%
Xion
21%
Leedo
17%
Seoho
17%
Dane
14%
Hwanwoong
14%
Kenny
14%
Z.Tao
14%
Dohyun
10%
Huijun
10%
Ian
10%
Jessi
10%
Junwoo
10%
Keonhee
10%
Lee Youngji
10%
Seok
10%
Aito
7%
Chael
7%
Eunseop
7%
Hagiwa
7%
Hwi
7%
Hyuk
7%
Ji Eunho
7%
Jinsu
7%
Jiseok
7%
Junhyeok
7%
Kb
7%
Kyungjun
7%
Love
7%
Nathan
7%
Nine
7%
PJ
7%
Ravn
7%
Riaan
7%
Sangyeom
7%
Sungjun
7%
Taehun
7%
Takuma
7%
Woosung
7%
Chanyeon
3%
Dojoon
3%
Hajoon
3%
Hyunsoo
3%
Junji
3%
Keiten
3%
Lee Taegyeom/Jaehyeong
3%
Mill
3%
Yoojung
3%
Youngjun/YYJ
3%
No matching quizzes found
Score Distribution
Percent of People with Each Score
Percentile by Number Answered
Your Score History
You have not taken this quiz